| 000 | 00547cam a2200169 a 4500 | ||
|---|---|---|---|
| 001 | 000007671 | ||
| 005 | 20200929154245.0 | ||
| 008 | 790801s1958 pr 001 0 spa | ||
| 040 |
_aDO-SdBNP _bspa _cBNPHU |
||
| 082 |
_aPR866.44 _bA366c |
||
| 100 | 1 |
_aAlegria, José S., _c(Raimundo Lucio) _d1887-1965 _921263 |
|
| 245 | 1 | 0 |
_aCartas a Florinda / _cJosé S. Alegria. |
| 260 |
_aSan Juan, Puerto Rico : _bClub de la Prensa, _c1958. |
||
| 300 |
_a216 p. ; _c23 cm. |
||
| 650 | 4 |
_aCartas puertorriqueñas _921264 |
|
| 650 | 4 |
_aLiteratura puertorriqueña _9250 |
|
| 999 |
_c7451 _d7451 |
||